La planificación en Honduras como instrumento de racionalidad económica y proceso de control político o como medio eficaz para el logro de un desarrollo autónomo (Proyecto de investigación) /

El documento consiste en una investigación acerca de la planificación en Honduras, como un proceso de control político y racionalidad económica, todo esto con el fin de poder llegar a lograr un desarrollo autónomo en Honduras.

Zapisane w:
Opis bibliograficzny
1. autor: García Rodríguez, Fernando Emilio
Format: Texto
Język:Spanish
Wydane: Tegucigalpa : 1977
Hasła przedmiotowe:
Etykiety: Dodaj etykietę
Nie ma etykietki, Dołącz pierwszą etykiete!

MARC

LEADER 00000 a a2200000 04500
001 16456
003 cru CIDCAS/IIS
005 20230424120731.0
008 211019b1977 ho ||||| |||| 00| 0 spa d
024 |c CRAI/IIS 
040 |c CRAIS/IIS 
090 |a 02.01.02 G216p  
100 |a García Rodríguez, Fernando Emilio  
245 |a La planificación en Honduras como instrumento de racionalidad económica y proceso de control político o como medio eficaz para el logro de un desarrollo autónomo (Proyecto de investigación) /  |c Fernando Emilio García Rodríguez 
260 |a Tegucigalpa :   |c 1977 
300 |a 56 p.  
520 |a El documento consiste en una investigación acerca de la planificación en Honduras, como un proceso de control político y racionalidad económica, todo esto con el fin de poder llegar a lograr un desarrollo autónomo en Honduras. 
650 0 |9 1855  |a IDEOLOGIAS POLITICAS 
650 0 |9 10110  |a ACCIONES GUBERNAMENTALES 
650 0 |9 2142  |a DESARROLLO ECONOMICO 
942 |2 z  |c LI  |h 02.01.02 G216p   |i 07066  |6 020102_G216P_07066 
999 |c 12915  |d 12915